[Event "SVK-chT1W 2425"]
[Site "Slovakia"]
[Date "2025.01.11"]
[Round "5.8"]
[White "Lukacovic, Miroslav"]
[Black "Szucs, Vladimir"]
[Result "1/2-1/2"]
[WhiteElo "1982"]
[BlackElo "2100"]
[PlyCount "144"]
[EventDate "2024.11.16"]
[EventType "team-tourn"]
[EventRounds "11"]
[EventCountry "SVK"]
[SourceTitle "CB14_2025"]
[SourceDate "2024.11.01"]
[SourceVersion "1"]
[SourceVersionDate "2024.11.01"]
[SourceQuality "1"]
[WhiteTeam "Trnava Sered"]
[BlackTeam "Levice"]
[WhiteTeamCountry "SVK"]
[BlackTeamCountry "SVK"]

1. d4 Nf6 2. c4 e6 3. Nc3 d5 4. Nf3 Be7 5. cxd5 exd5 6. e3 c6 7. Be2 0-0 8. 0-0 Bf5 9. Nh4 Be6 10. Qc2 Re8 11. Bd3 Nbd7 12. Nf3 h6 13. Bd2 Bd6 14. h3 Rc8 15. Qb1 Bb8 16. b4 Nf8 17. b5 c5 18. dxc5 Rxc5 19. Ne2 Rc8 20. Qb2 Ne4 21. Bb4 Nd7 22. Rac1 Qf6 23. Qxf6 Ndxf6 24. a4 Bd6 25. Bxd6 Nxd6 26. Nfd4 Kf8 27. f3 Nd7 28. Nb3 Ne5 29. Bb1 Nec4 30. Kf2 Nb2 31. Nc5 Bf5 32. Nd4 Bxb1 33. Rxb1 Nbc4 34. Ncb3 Rxe3 35. Rfe1 Rce8 36. Rxe3 Rxe3 37. Re1 Rxe1 38. Kxe1 Ke7 39. a5 Kd7 40. Nc5+ Kc7 41. Na4 Nxa5 42. Nc3 Kb6 43. Na4+ Kc7 44. Nc3 Nac4 45. Nxd5+ Kd7 46. Ke2 Ne5 47. Nc3 a6 48. f4 Ng6 49. bxa6 bxa6 50. g3 Ne7 51. Kd3 Nc6 52. Nb3 Nb4+ 53. Kd4 Kc6 54. Ke5 Nd3+ 55. Kd4 Nb4 56. Ke5 Nc4+ 57. Kd4 Nb6 58. Na5+ Kc7 59. Nb3 Kd6 60. Ne4+ Kc6 61. Nc3 N4d5 62. Na5+ Kd6 63. Ne4+ Ke6 64. Nc5+ Kf5 65. Nd3 h5 66. Nb7 Nc7 67. Nd6+ Ke6 68. Kc5 Nbd5 69. Kc6 a5 70. Nc5+ Ke7 71. Nc4 Kd8 72. Nb7+ Ke7 1/2-1/2

[Event "SVK-chT1W 2425"]
[Site "Slovakia"]
[Date "2024.11.16"]
[Round "1.7"]
[White "Sarkozi, Szabolcs"]
[Black "Szucs, Vladimir"]
[Result "1/2-1/2"]
[WhiteElo "2091"]
[BlackElo "2114"]
[PlyCount "74"]
[EventDate "2024.11.16"]
[EventType "team-tourn"]
[EventRounds "11"]
[EventCountry "SVK"]
[SourceTitle "CB51_2024"]
[SourceDate "2024.12.18"]
[SourceVersion "1"]
[SourceVersionDate "2024.12.18"]
[SourceQuality "1"]
[WhiteTeam "Komarno II"]
[BlackTeam "Levice"]
[WhiteTeamCountry "SVK"]
[BlackTeamCountry "SVK"]

1. Nf3 d5 2. b3 Nf6 3. Bb2 e6 4. g3 c5 5. Bg2 Nc6 6. 0-0 Be7 7. a3 0-0 8. d3 b6 9. Nbd2 Bb7 10. Ra2 Qc7 11. Qa1 d4 12. c3 e5 13. Rc1 Rac8 14. b4 a6 15. bxc5 bxc5 16. cxd4 cxd4 17. Nc4 Bd6 18. e3 dxe3 19. Nxe3 Rfe8 20. d4 Qb8 21. Bh3 Rcd8 22. Nf5 Nxd4 23. N3xd4 exd4 24. Bxd4 Be5 25. Bxe5 Qxe5 26. Qxe5 Rxe5 27. f4 Ree8 28. Rb2 Be4 29. Rb6 Bd3 30. Nd6 Re7 31. Nb7 Rb8 32. Rc8+ Rxc8 33. Bxc8 Re1+ 34. Kf2 Re2+ 35. Kg1 Re1+ 36. Kg2 Re2+ 37. Kg1 Re1+ 1/2-1/2

[Event "HUN-chT2 Breyer 2324"]
[Site "Hungary"]
[Date "2024.03.03"]
[Round "5.4"]
[White "Szucs, Vladimir"]
[Black "Banhazi, Istvan"]
[Result "1-0"]
[WhiteElo "2094"]
[BlackElo "1956"]
[PlyCount "53"]
[EventDate "2023.10.08"]
[EventType "team-tourn"]
[EventRounds "9"]
[EventCountry "HUN"]
[SourceTitle "EXT 2025"]
[Source "ChessBase"]
[SourceDate "2024.10.14"]
[SourceVersion "1"]
[SourceVersionDate "2024.10.14"]
[SourceQuality "1"]
[WhiteTeam "Esztergom"]
[BlackTeam "Varosgazda Akademia"]
[WhiteTeamCountry "HUN"]
[BlackTeamCountry "HUN"]

1. d4 Nf6 2. c4 c5 3. d5 d6 4. Nc3 e6 5. Nf3 exd5 6. cxd5 g6 7. Bf4 a6 8. a4 Bg7 9. h3 Qe7 10. e3 0-0 11. Be2 Re8 12. 0-0 Nbd7 13. Nd2 Ne5 14. Bh2 Bd7 15. e4 g5 16. f4 gxf4 17. Bxf4 Ng6 18. Bg3 Ne5 19. Qc2 b6 20. Rf2 Bh6 21. Kh1 Be3 22. Rff1 Bc8 23. Bh4 Ned7 24. Nc4 Bd4 25. Bd3 Qf8 26. Ne2 Be5 27. Nxe5 1-0

[Event "SVK-chT1W 2324"]
[Site "Slovakia"]
[Date "2024.02.03"]
[Round "8.5"]
[White "Szucs, Vladimir"]
[Black "Kovacik, Emil"]
[Result "1-0"]
[WhiteElo "2067"]
[BlackElo "2086"]
[PlyCount "65"]
[EventDate "2023.10.21"]
[EventType "team-tourn"]
[EventRounds "11"]
[EventCountry "SVK"]
[SourceTitle "EXT 2025"]
[Source "ChessBase"]
[SourceDate "2024.10.14"]
[SourceVersion "1"]
[SourceVersionDate "2024.10.14"]
[SourceQuality "1"]
[WhiteTeam "Levice II"]
[BlackTeam "Dubnica nad Vahom II"]
[WhiteTeamCountry "SVK"]
[BlackTeamCountry "SVK"]

1. Nf3 e6 2. d4 f5 3. Bf4 Nf6 4. e3 b6 5. Be2 Bb7 6. 0-0 Be7 7. h3 0-0 8. Nbd2 d6 9. Bh2 Nbd7 10. Ng5 Re8 11. Nxe6 Qc8 12. Nf4 Nf8 13. c3 Kh8 14. Bf3 Ne4 15. Nxe4 Bxe4 16. Bxe4 fxe4 17. Qc2 Bg5 18. Ne2 Ng6 19. c4 Bf6 20. Rac1 Qe6 21. b4 a5 22. b5 a4 23. a3 Ra5 24. Rb1 Be7 25. d5 Qf7 26. Qxe4 Bf6 27. Qc2 Be5 28. Rb4 Raa8 29. Rxa4 Rad8 30. Bxe5 Rxe5 31. Nd4 Nh4 32. Ne6 Rc8 33. c5 1-0

[Event "HUN-chT2 Breyer 2223"]
[Site "Hungary"]
[Date "2023.01.29"]
[Round "6.3"]
[White "Jamrich, Gyorgy"]
[Black "Szucs, Vladimir"]
[Result "1/2-1/2"]
[WhiteElo "2185"]
[BlackElo "2065"]
[PlyCount "38"]
[EventDate "2022.10.16"]
[EventType "team-tourn"]
[EventRounds "11"]
[EventCountry "HUN"]
[SourceTitle "EXT 2025"]
[Source "ChessBase"]
[SourceDate "2024.10.14"]
[SourceVersion "1"]
[SourceVersionDate "2024.10.14"]
[SourceQuality "1"]
[WhiteTeam "Biatorbagy II"]
[BlackTeam "Esztergom"]
[WhiteTeamCountry "HUN"]
[BlackTeamCountry "HUN"]

1. e4 e6 2. d4 d5 3. Nc3 Nf6 4. Bg5 dxe4 5. Nxe4 Nbd7 6. Nf3 h6 7. Nxf6+ Nxf6 8. Bh4 c5 9. c3 cxd4 10. Qxd4 Qxd4 11. Nxd4 Be7 12. Bb5+ Bd7 13. Bxd7+ Nxd7 14. Bg3 a6 15. 0-0-0 Nf6 16. Rhe1 0-0-0 17. Nf5 Rxd1+ 18. Kxd1 Rd8+ 19. Kc2 Bf8 1/2-1/2

[Event "HUN-chT2 Breyer 2223"]
[Site "Hungary"]
[Date "2022.12.04"]
[Round "4.3"]
[White "Toth, Lili"]
[Black "Szucs, Vladimir"]
[Result "1/2-1/2"]
[WhiteElo "1907"]
[BlackElo "2064"]
[PlyCount "62"]
[EventDate "2022.10.16"]
[EventType "team-tourn"]
[EventRounds "11"]
[EventCountry "HUN"]
[SourceTitle "EXT 2025"]
[Source "ChessBase"]
[SourceDate "2024.10.14"]
[SourceVersion "1"]
[SourceVersionDate "2024.10.14"]
[SourceQuality "1"]
[WhiteTeam "Budapest MTK II"]
[BlackTeam "Esztergom"]
[WhiteTeamCountry "HUN"]
[BlackTeamCountry "HUN"]

1. d4 d5 2. c4 e6 3. Nc3 Be7 4. cxd5 exd5 5. Bf4 c6 6. e3 Bf5 7. g4 Bg6 8. h4 h6 9. Qb3 Qb6 10. Qxb6 axb6 11. Bxb8 Rxb8 12. Nf3 Bd6 13. Ne5 Bh7 14. f4 Ne7 15. Kf2 b5 16. Bh3 f6 17. Nf3 b4 18. Ne2 Be4 19. Ng3 Bxf3 20. Kxf3 g5 21. Nh5 Kf7 22. Bf1 gxf4 23. Nxf4 Bxf4 24. Kxf4 Ra8 25. Bd3 Nc8 26. a3 bxa3 27. bxa3 Nd6 28. a4 Ra5 29. g5 fxg5+ 30. hxg5 h5 31. g6+ Kg7 1/2-1/2

[Event "HUN-chT2 Breyer 2122"]
[Site "Hungary"]
[Date "2022.01.30"]
[Round "5.2"]
[White "Szucs, Vladimir"]
[Black "Botos, Ferenc"]
[Result "1/2-1/2"]
[WhiteElo "2123"]
[BlackElo "2150"]
[PlyCount "143"]
[EventDate "2021.10.10"]
[EventType "team-tourn"]
[EventRounds "9"]
[EventCountry "HUN"]
[SourceTitle "EXT 2025"]
[Source "ChessBase"]
[SourceDate "2024.10.14"]
[SourceVersion "1"]
[SourceVersionDate "2024.10.14"]
[SourceQuality "1"]
[WhiteTeam "Esztergom"]
[BlackTeam "Varosgazda Akademia"]
[WhiteTeamCountry "HUN"]
[BlackTeamCountry "HUN"]

1. Nf3 d5 2. d4 Nf6 3. c4 e6 4. Nc3 c6 5. cxd5 exd5 6. Bg5 Be7 7. Qc2 Nbd7 8. e3 Qa5 9. Bd3 h6 10. Bh4 g5 11. Bg3 Nf8 12. 0-0 Be6 13. a3 N8d7 14. Ne5 Nh5 15. Nxd7 Nxg3 16. hxg3 Bxd7 17. b4 Qd8 18. b5 0-0 19. bxc6 Bxc6 20. Rfc1 a6 21. Qe2 Bf6 22. Qf3 Re8 23. g4 Bg7 24. Qf5 Qf6 25. Qh7+ Kf8 26. Ne2 Bh8 27. Ng3 Qg7 28. Qf5 Qf6 29. Rc5 Qxf5 30. Nxf5 Re6 31. a4 Bf6 32. a5 Be7 33. Nxe7 Kxe7 34. Rb1 Rh8 35. Rb6 Ra8 36. Kh2 Rd6 37. Kg3 Kd8 38. Bc2 Kc7 39. Ba4 Rad8 40. Kf3 Re6 41. Rcxc6+ Rxc6 42. Bxc6 bxc6 43. Rxa6 Rb8 44. Ra7+ Rb7 45. Ra8 Rb8 46. Rxb8 Kxb8 47. e4 Ka7 48. e5 Ka6 49. Ke3 Kxa5 50. g3 Kb4 51. f4 Kc3 52. f5 c5 53. dxc5 d4+ 54. Ke4 d3 55. c6 d2 56. c7 d1Q 57. c8Q+ Kb4 58. Qb7+ Ka5 59. Qc7+ Kb5 60. Qb8+ Kc4 61. Qc8+ Kb5 62. Qe8+ Kc5 63. Qe7+ Kb5 64. Qb7+ Kc5 65. Qa7+ Kc6 66. Qa6+ Kc5 67. Qa3+ Kc4 68. Qa6+ Kc5 69. Qc8+ Kb6 70. Qb8+ Kc5 71. Qc7+ Kb5 72. Qb7+ 1/2-1/2

[Event "HUN-chT2 Breyer 2122"]
[Site "Hungary"]
[Date "2021.12.19"]
[Round "4.2"]
[White "Balogh, Peter"]
[Black "Szucs, Vladimir"]
[Result "1/2-1/2"]
[WhiteElo "2055"]
[BlackElo "2123"]
[PlyCount "30"]
[EventDate "2021.10.10"]
[EventType "team-tourn"]
[EventRounds "9"]
[EventCountry "HUN"]
[SourceTitle "EXT 2025"]
[Source "ChessBase"]
[SourceDate "2024.10.14"]
[SourceVersion "1"]
[SourceVersionDate "2024.10.14"]
[SourceQuality "1"]
[WhiteTeam "Tatabanya"]
[BlackTeam "Esztergom"]
[WhiteTeamCountry "HUN"]
[BlackTeamCountry "HUN"]

1. e4 e6 2. d4 d5 3. Nc3 Nf6 4. Bg5 dxe4 5. Nxe4 Nbd7 6. Nxf6+ Nxf6 7. Nf3 h6 8. Bh4 c5 9. Qd2 cxd4 10. 0-0-0 Be7 11. Nxd4 0-0 12. Bd3 Bd7 13. f3 Rc8 14. Kb1 Bc6 15. c3 Nd5 1/2-1/2